00678nam a2200217Ia 450000500170000000800410001704000190005804100120007708200130008910000210010224500710012325000120019426000360020630000350024250400190027765000280029685000100032494200070033499900160034195201030035720230711094742.0131103s9999 xx 000 0 und d aLoreto College aEnglish a973bBAI aBailey,Thomas A. 4aThe American Pageantb a history of the Republic cThomas A.Bailey a2nd ed. aBostonbD.C.Heath and Co.c1961 axvi,1037 p.b ill.,charts,maps aIncludes index aUnited States - History aLCLIB cBK c7707d58186 00102ddc4070aMAINbMAINd2013-11-04l0o973 BAI 2573pB7579r2013-11-04w2013-11-04yBKf